00746nam a2200193Ia 4500003000900000008004100009020002200050040001600072080002200088245014300110260004200253300001000295650002700305650002200332700003400354942000700388999001700395952014000412IN-BaIIA211028s9999 xx 000 0 eng d a978-3-527-40662-3 cIIA Library a52(048.1)bREV-19 0aReviews in modern astronomyb20, from cosmological structures to the milky waycedited by Siegfried Roser  aWeinheimbWiley-VCH Verlag Gmbhc2006 a343p. aHubble constant932266 aStellar evolution aRoser, Siegfried., ed.932267 cBK c17132d17132 00104070aBANbBANcGENd2008-12-18eINT g3083.33l0o52(048.1)/ REV-19p18054r2021-11-05v3083.33w2008-12-18yBKGRs. 3083.33